Diseño e implementación del proyecto escolar de formación en valores.

Gespeichert in:
Bibliographische Detailangaben
1. Verfasser: López Guerrero, María del Rosario (autor)
Format: Buch
Sprache:Spanisch
Schlagworte:
Tags: Tag hinzufügen
Keine Tags, Fügen Sie das erste Tag hinzu!

MARC

LEADER 00000nam^a2200000^u^4500
001 000510419
005 20250521000000.0
008 100111s1000^^^^^^^^^^^^r^^^^^000^0^spa^d
009 20260310130124.532
035 |a FCE 000054628 
037 |a Acervo ITESO - Biblioteca 
041 |a spa 
082 0 4 |a 372.0115  |b LOPd 
100 |a López Guerrero, María del Rosario  |e (autor) 
245 1 0 |a Diseño e implementación del proyecto escolar de formación en valores. 
264 |a México :  |b M. R., López Guerrero,  |c 2006. 
300 |a 137 p. 
336 |a texto  |b txt  |2 rdacontenido 
337 |a sin mediación  |b n  |2 rdamedio 
338 |a volumen  |b nc  |2 rdasoporte 
596 |a Tesis. (Maestra en Ciencias en la Especialidad de Investigaciones Educativas). -- Centro de Investigación y Estudios Avanzados del Instituto Politécnico Nacional. Departamento de Investigaciones Educativas. 
649 |a XX 
650 |a Valores 
650 |a Tesis de maestría 
650 |a Moral 
650 |a Gestión escolar 
650 |a Ética 
650 |a Proyecto social 
910 |a Fondo Centro de Estudios Educativos 
920 |a Impresos - Libros 
930 |a Fondos Especiales 
905 |a 133 
901 |a ALE067937  |b IT2  |c CEE  |u 20250521 
902 |a https://opac.biblio.iteso.mx/vufind/Record/000510419